The first year--type 2 diabetes : (Record no. 1235)

MARC details
000 -LEADER
fixed length control field 01303cam a22003377a 4500
005 - DATE AND TIME OF LATEST TRANSACTION
control field 20260322212052.0
008 - FIXED-LENGTH DATA ELEMENTS--GENERAL INFORMATION
fixed length control field data
010 ## - LIBRARY OF CONGRESS CONTROL NUMBER
LC control number 2007273185
020 ## - INTERNATIONAL STANDARD BOOK NUMBER
International Standard Book Number 1569242658 (pbk.)
020 ## - INTERNATIONAL STANDARD BOOK NUMBER
International Standard Book Number 9781569242650 (pbk.)
040 ## - CATALOGING SOURCE
Original cataloging agency GK8
Transcribing agency GK8
Modifying agency DLC
-- YDXCP
-- OUN
-- DLC
042 ## - AUTHENTICATION CODE
Authentication code lccopycat
050 00 - LIBRARY OF CONGRESS CALL NUMBER
Classification number RC662.18
Item number .B43 2007
082 00 - DEWEY DECIMAL CLASSIFICATION NUMBER
Classification number 616.4/62
Edition information 22
092 ## - LOCALLY ASSIGNED DEWEY CALL NUMBER (OCLC)
Classification number 616.4 B43 2007
001 - CONTROL NUMBER
control field data
100 1# - MAIN ENTRY--PERSONAL NAME
Personal name Becker, Gretchen.
245 14 - TITLE STATEMENT
Title The first year--type 2 diabetes :
Remainder of title an essential guide for the newly diagnosed /
Statement of responsibility, etc. Gretchen Becker.
246 30 - VARYING FORM OF TITLE
Title proper/short title First year--type two diabetes
246 3# - VARYING FORM OF TITLE
Title proper/short title Type 2 diabetes
250 ## - EDITION STATEMENT
Edition statement 2nd ed.
260 ## - PUBLICATION, DISTRIBUTION, ETC.
Place of publication, distribution, etc. New York :
Name of publisher, distributor, etc. Marlowe and Co.,
Date of publication, distribution, etc. 2007.
300 ## - PHYSICAL DESCRIPTION
Extent xix, 350 p. :
Other physical details ill. ;
Dimensions 23 cm.
504 ## - BIBLIOGRAPHY, ETC. NOTE
Bibliography, etc. note Includes bibliographical references and index.
650 #0 - SUBJECT ADDED ENTRY--TOPICAL TERM
Topical term or geographic name entry element Non-insulin-dependent diabetes
Form subdivision Popular works.
856 41 - ELECTRONIC LOCATION AND ACCESS
Materials specified Table of contents only
Uniform Resource Identifier <a href="http://www.loc.gov/catdir/toc/fy0709/2007273185.html">http://www.loc.gov/catdir/toc/fy0709/2007273185.html</a>
856 42 - ELECTRONIC LOCATION AND ACCESS
Materials specified Publisher description
Uniform Resource Identifier <a href="http://www.loc.gov/catdir/enhancements/fy0712/2007273185-d.html">http://www.loc.gov/catdir/enhancements/fy0712/2007273185-d.html</a>
906 ## - LOCAL DATA ELEMENT F, LDF (RLIN)
a 7
b cbc
c copycat
d 2
e ncip
f 20
g y-gencatlg
925 0# -
-- acquire
-- 2 shelf copies
-- policy default
955 ## - COPY-LEVEL INFORMATION (RLIN)
-- jx85 2007-04-12 to Dewey
Holdings
Withdrawn status Lost status Damaged status Not for loan Home library Current library Shelving location Date acquired Total checkouts Full call number Barcode Date last seen Price effective from Koha item type
        Riverside Riverside General stacks 22/03/2026   616.4/62 22 BC0011275 22/03/2026 22/03/2026 Books